[Event "NED-ch U14"]
[Site "Rotterdam"]
[Date "2016.05.06"]
[Round "8"]
[White "De Vetten, Daan"]
[Black "De Man, Luuk"]
[Result "0-1"]
[WhiteElo "1049"]
[BlackElo "1444"]
[PlyCount "74"]
[EventDate "2016.04.29"]
[EventType "swiss"]
[EventRounds "9"]
[EventCountry "NED"]
[SourceTitle "CBM 172 Extra"]
[Source "ChessBase"]
[SourceDate "2016.06.21"]
[SourceVersion "1"]
[SourceVersionDate "2016.06.21"]
[SourceQuality "1"]

1. e4 e5 2. Nf3 Nc6 3. d4 exd4 4. Nxd4 Nge7 5. Nc3 g6 6. Be3 Bg7 7. Be2 d6 8. 0-0 0-0 9. Qd2 Nxd4 10. Bxd4 Bxd4 11. Qxd4 Nc6 12. Qd2 Kg7 13. Nd5 Be6 14. Qc3+ f6 15. Ne3 Qe7 16. f4 Bd7 17. Bd3 Rac8 18. Rae1 Rce8 19. Rf3 h5 20. h4 Kh6 21. Rg3 Qf7 22. Qd2 Kh7 23. f5 gxf5 24. Nxf5 Bxf5 25. exf5 Rxe1+ 26. Qxe1 Ne5 27. Qe3 Qxa2 28. Qc1 Rg8 29. Rxg8 Qxg8 30. Qe3 Qa2 31. Qc1 Qa4 32. Qe1 Qg4 33. Be4 c6 34. Qf2 Qxe4 35. Qxa7 Qe1+ 36. Kh2 Ng4+ 37. Kh3 Qe3+ 0-1

[Event "NED-ch U14"]
[Site "Rotterdam"]
[Date "2016.05.03"]
[Round "5"]
[White "De Vetten, Daan"]
[Black "Ekker, Laurens"]
[Result "0-1"]
[WhiteElo "1049"]
[BlackElo "1075"]
[PlyCount "96"]
[EventDate "2016.04.29"]
[EventType "swiss"]
[EventRounds "9"]
[EventCountry "NED"]
[SourceTitle "CBM 172 Extra"]
[Source "ChessBase"]
[SourceDate "2016.06.21"]
[SourceVersion "1"]
[SourceVersionDate "2016.06.21"]
[SourceQuality "1"]

1. e4 e5 2. Nf3 Nc6 3. d4 exd4 4. Nxd4 Bc5 5. Be3 Qf6 6. c3 Nge7 7. Bc4 Ne5 8. Be2 Qg6 9. 0-0 d6 10. f3 0-0 11. Nd2 d5 12. Bf2 c6 13. Kh1 Bb6 14. Qc2 Bd7 15. Rac1 Rfe8 16. N4b3 Bxf2 17. Rxf2 Qg5 18. f4 Qf6 19. Rcf1 Ng4 20. Bxg4 Bxg4 21. exd5 Nxd5 22. Rc1 Bf5 23. Qd1 Ne3 24. Qf3 Ng4 25. Re2 Rxe2 26. Qxe2 Qh4 27. h3 Qf2 28. Qxf2 Nxf2+ 29. Kh2 Nd3 30. Rb1 Re8 31. Kg3 Re3+ 32. Nf3 Re2 33. Rd1 g6 34. Nbd4 Nxb2 35. Nxe2 Nxd1 36. Nfd4 Bd3 37. Nc1 Bc4 38. Nde2 Kg7 39. Kf3 Bd5+ 40. Kg3 Kf6 41. Kh2 Kf5 42. g4+ Ke4 43. Kg3 Ke3 44. Nd4 Nxc3 45. Ndb3 Nxa2 46. Nxa2 Bxb3 47. Nc3 Kd3 48. Nb1 Kc2 0-1

[Event "NED-ch U14"]
[Site "Rotterdam"]
[Date "2016.05.01"]
[Round "3"]
[White "Van den Berg, Jeroen"]
[Black "De Vetten, Daan"]
[Result "1-0"]
[WhiteElo "1100"]
[BlackElo "1049"]
[PlyCount "85"]
[EventDate "2016.04.29"]
[EventType "swiss"]
[EventRounds "9"]
[EventCountry "NED"]
[SourceTitle "CBM 172 Extra"]
[Source "ChessBase"]
[SourceDate "2016.06.21"]
[SourceVersion "1"]
[SourceVersionDate "2016.06.21"]
[SourceQuality "1"]

1. e4 c5 2. Nf3 Nc6 3. d4 cxd4 4. Nxd4 d6 5. Be3 g6 6. Nc3 Bg7 7. Bc4 Nf6 8. h3 0-0 9. 0-0 Bd7 10. a4 a6 11. Qd2 Rc8 12. Ba2 Ne5 13. Qe2 Nc6 14. Rad1 Qc7 15. f4 Nxd4 16. Bxd4 e5 17. Be3 Bc6 18. Qf3 Rcd8 19. f5 Rd7 20. Bg5 Ne8 21. f6 Bh8 22. Bh6 Nxf6 23. Bxf8 Kxf8 24. g4 Re7 25. Rd2 Be8 26. Rfd1 Rd7 27. Nd5 Nxd5 28. Bxd5 Bg7 29. h4 h6 30. g5 h5 31. b4 Qb6+ 32. Qf2 Qxb4 33. Qf3 Qxa4 34. Be6 Rd8 35. Rf2 Rd7 36. Bxd7 Qxd7 37. Rd5 Qe6 38. Rfd2 Ke7 39. Kf1 b5 40. Qa3 Bc6 41. Rxd6 Qxd6 42. Qxd6+ Ke8 43. Qd8# 1-0

[Event "NED-ch U11"]
[Site "Waalwijk"]
[Date "2012.04.07"]
[Round "7"]
[White "De Vetten, Daan"]
[Black "Van Dongen, Sam"]
[Result "1-0"]
[WhiteElo "786"]
[BlackElo "932"]
[PlyCount "109"]
[EventDate "2012.04.06"]
[EventType "swiss"]
[EventRounds "9"]
[EventCountry "NED"]
[SourceTitle "EXT 2013"]
[Source "ChessBase"]
[SourceDate "2012.11.22"]
[SourceVersion "1"]
[SourceVersionDate "2012.11.22"]
[SourceQuality "1"]

1. e4 c5 2. Nf3 Nc6 3. d4 cxd4 4. Nxd4 e6 5. Nxc6 bxc6 6. Nc3 d5 7. exd5 cxd5 8. Bf4 Nf6 9. Bb5+ Bd7 10. 0-0 Bb4 11. Bxd7+ Qxd7 12. Qd3 d4 13. a3 dxc3 14. Qxd7+ Nxd7 15. axb4 cxb2 16. Rab1 0-0 17. Rxb2 e5 18. Be3 Rfb8 19. Rfb1 Rb7 20. c3 Rab8 21. h3 a5 22. Bc1 h6 23. bxa5 Rxb2 24. Rxb2 Ra8 25. Ra2 Nc5 26. Be3 Nb7 27. a6 Nd8 28. a7 Nc6 29. Ra6 Nd8 30. c4 Nb7 31. c5 Kh7 32. c6 Nd6 33. c7 Nc8 34. Rc6 f6 35. Rc4 Kg6 36. Rb4 Nxa7 37. Bxa7 Rc8 38. Bb8 Kf7 39. Kh2 g6 40. f4 h5 41. fxe5 fxe5 42. g4 h4 43. Kg2 g5 44. Kf3 Ke7 45. Ke4 Ke6 46. Rb6+ Kd7 47. Kxe5 Ke7 48. Re6+ Kd7 49. Kd5 Rxb8 50. cxb8R Kc7 51. Rbb6 Kd8 52. Rb7 Kc8 53. Kc6 Kd8 54. Ree7 Kc8 55. Re8# 1-0

[Event "NED-ch U11"]
[Site "Waalwijk"]
[Date "2012.04.07"]
[Round "9"]
[White "Steunenberg, Renso"]
[Black "De Vetten, Daan"]
[Result "1-0"]
[WhiteElo "1435"]
[BlackElo "786"]
[PlyCount "49"]
[EventDate "2012.04.06"]
[EventType "swiss"]
[EventRounds "9"]
[EventCountry "NED"]
[SourceTitle "EXT 2013"]
[Source "ChessBase"]
[SourceDate "2012.11.22"]
[SourceVersion "1"]
[SourceVersionDate "2012.11.22"]
[SourceQuality "1"]

1. e4 e5 2. d4 exd4 3. c3 d5 4. exd5 Qxd5 5. cxd4 Qe4+ 6. Be2 Nf6 7. Nc3 Qc6 8. Bb5 Qxb5 9. Nxb5 Bd6 10. Nf3 0-0 11. 0-0 a6 12. Nxd6 cxd6 13. Bg5 Kh8 14. Bxf6 gxf6 15. Nh4 Rg8 16. Qf3 Nd7 17. Nf5 Rb8 18. Nxd6 Rg7 19. Rfe1 Nf8 20. Qxf6 Be6 21. Re3 Ng6 22. f4 Rbg8 23. f5 Nh4 24. fxe6 Nxg2 25. Nxf7# 1-0

[Event "NED-ch U11"]
[Site "Waalwijk"]
[Date "2012.04.06"]
[Round "5"]
[White "De Vetten, Daan"]
[Black "Odle, Philip"]
[Result "0-1"]
[WhiteElo "786"]
[BlackElo "734"]
[PlyCount "158"]
[EventDate "2012.04.06"]
[EventType "swiss"]
[EventRounds "9"]
[EventCountry "NED"]
[SourceTitle "EXT 2013"]
[Source "ChessBase"]
[SourceDate "2012.11.22"]
[SourceVersion "1"]
[SourceVersionDate "2012.11.22"]
[SourceQuality "1"]

1. e4 e5 2. Nf3 Nc6 3. Nc3 Bc5 4. Bc4 Nf6 5. Ng5 0-0 6. Nd5 Nxd5 7. exd5 Qxg5 8. dxc6 dxc6 9. g3 Qf6 10. f3 Bh3 11. b3 Bg2 12. Rf1 Bxf1 13. Kxf1 e4 14. Kg2 exf3+ 15. Qxf3 Qxf3+ 16. Kxf3 Rfe8 17. Bb2 h6 18. d4 Bb6 19. Kg2 c5 20. Rf1 Re7 21. dxc5 Bxc5 22. a3 Rd8 23. Kh3 Bd4 24. Rd1 Red7 25. Bxd4 Rxd4 26. Rxd4 Rxd4 27. a4 a6 28. c3 Rd6 29. b4 c6 30. g4 b5 31. axb5 axb5 32. Be2 g5 33. Kg3 Kg7 34. h3 Rd5 35. c4 bxc4 36. Bxc4 Rd4 37. Ba6 Rxb4 38. Kf3 Kg6 39. Bd3+ Kf6 40. Bf5 Rf4+ 41. Ke3 c5 42. Kd3 c4+ 43. Kc3 Ke5 44. Bh7 Kd5 45. Bg8 Rf3+ 46. Kb4 Rxh3 47. Bxf7+ Kd4 48. Bxc4 Rh4 49. Be6 Ke5 50. Bc8 h5 51. Kc3 hxg4 52. Kd2 Kf4 53. Ke2 g3 54. Kf1 g4 55. Kg2 Rh2+ 56. Kg1 Kf3 57. Bb7+ Kf4 58. Bg2 Rxg2+ 59. Kxg2 Kf5 60. Kxg3 Kg5 61. Kg2 Kf4 62. Kf2 g3+ 63. Kg2 Kg4 64. Kf1 Kh3 65. Kg1 g2 66. Kf2 Kh2 67. Kf3 g1Q 68. Ke4 Qd1 69. Kf5 Qe2 70. Kf6 Qe4 71. Kg5 Qf3 72. Kh4 Qg2 73. Kh5 Kg1 74. Kh4 Kf2 75. Kh5 Kf3 76. Kh6 Kf4 77. Kh7 Kf5 78. Kh8 Kf6 79. Kh7 Qg7# 0-1